000 01094nam a2200325Ia 4500
003 OSt
005 20221007121019.0
006 a|||||r|||| 00| 0
007 ta
008 221006b |||||||| |||| 00| 0 eng d
020 _a9783540852131
024 _a85089
037 _b085, 26/08/2009, N R Book Distributors
_cTextbook
040 _aBDL
_cBDL
_beng
041 _2eng
_aeng
082 _aI:3, P9 Carb
100 _aBerg R Howard Ed.
_9710470
245 0 _aCell biology of plant nematode parasitism
_b Taylor Christopher G Ed.
260 _aBerlin
_bSpringer
_c2009
300 _axiii, 273p.
_ccm.
490 _aPlant cell monographs, 15
500 _aIncludes bibliographical references.; References 269-273p.
650 _a Cell biology
650 _a Plant pathology
_9458891
650 _a Plant physiology
_9425556
650 _aBotany
700 _a Taylor Christopher G Ed.
_9710471
942 _hI:3, P9 Carb
_cTB
_2CC
999 _c1208325
_d1208325